Notes on a collection of bats from Montserrat, lesser antilles (Registro nro. 11521)

Detalles MARC
000 -CABECERA
Campo de control 005420000a22001690004500
090 ## - CLASIFICACIÓN LOCAL
Colección AR
Consecutivo 02454
041 0# - IDIOMA
Código de idioma para texto/pista de sonido o título separado
100 1# - ASIENTO PRINCIPAL--NOMBRE PERSONAL
Nombre personal Jones, J. Knox
245 10 - MENCION DE TITULO
Título Notes on a collection of bats from Montserrat, lesser antilles
650 14 - ASIENTO SECUNDARIO DE MATERIA - TERMINO TEMATICO
Término temático o nombre geográfico como elemento de entrada Murciélagos
650 14 - ASIENTO SECUNDARIO DE MATERIA - TERMINO TEMATICO
Término temático o nombre geográfico como elemento de entrada Colecciones biológicas
650 14 - ASIENTO SECUNDARIO DE MATERIA - TERMINO TEMATICO
Término temático o nombre geográfico como elemento de entrada Taxonomía animal
651 #4 - ASIENTO SECUNDARIO DE MATERIA - NOMBRE GEOGRAFICO
-- Isla Monserrat
-- Antillas
700 1# - ASIENTO SECUNDARIO - NOMBRE PERSONAL
Nombre personal Baker, Robert J.
773 1# - Item fuente:
Título Occasional Papers: Museum of Texas Tech University
Especificación de materiales 430
Descripción física 60
Paginas del Articulo 1-6
Lugar, editorial y fecha de publicación 1979
942 ## - ELEMENTOS ADICIONALES (KOHA)
Tipo de ítem Artículo
Existencias
Withdrawn status Lost status Damaged status No para préstamo Colección Ubicación Permanente Ubicación actual Fecha de adquisición Fuente de Valor Datos de publicación Seriada Total Checkouts Número topográfico Inventario / Código de Barras Date last seen Ejemplar Price effective from Forma de adquisición Tipo de material
      No para Préstamo Hemeroteca Bogotá Bogotá 27/02/2015 Flórez, Camilo José Fuera de circulación   AR 02454 012861 25/03/2015 1 25/03/2015   Artículo